|
|
|
|
| LEADER |
00000nab a2200000ua 4500 |
| 001 |
vtls010841159 |
| 003 |
SK-MaSNL |
| 005 |
20260303135835.0 |
| 008 |
230218s1964 xo |||||||||||||||||slo| |
| 035 |
|
|
|a (urnnbn)urn:nbn:sk:snk:ar-a06y76
|
| 035 |
|
|
|a urn:nbn:sk:snk-ab63rx
|
| 035 |
|
|
|a (uuid)f630cb4f-88ab-4ffc-bd07-5d118b5555bb
|
| 040 |
|
|
|a SNKBUCL
|b slo
|c SNKBUCL
|e AACR2
|
| 041 |
0 |
|
|a slo
|
| 044 |
|
|
|a xo
|c SK
|
| 100 |
1 |
|
|a Priechodská, Zora,
|d 1926-1989
|4 aut
|9 41613
|
| 245 |
1 |
0 |
|a ŤAŽKÉ MINERÁLY A ICH POUŽITIE PRE ČLENENIE MIOCÉNU A PLIOCÉNU V ŠIRŠOM OKOLÍ ZLATÝCH MORAVIEC
|c Zora Priechodská
|
| 773 |
0 |
|
|t Geologický sborník
|g Roč. 15, č. 1 (1964), s. 10?-111
|
| 954 |
|
|
|a odborná, vedecká literatúra pôvodná (slovenská)
|2 lita
|
| 958 |
|
|
|a OND
|
| 958 |
|
|
|a EUIPO
|
| 958 |
|
|
|a article5
|
| 999 |
|
|
|c 1968246
|d 1970176
|